| 000 | 01044cam a2200253 i 4500 | ||
|---|---|---|---|
| 003 | SA-RiAUC | ||
| 005 | 20240909144537.0 | ||
| 008 | 240908s2001 jo g 00010bara c | ||
| 040 |
_aSA-MuMU _bara _cSA-RiAUC _erda |
||
| 082 | 0 | 4 |
_a922.584 _qSA-RiAUC |
| 090 |
_a922.584 _bش ب ي |
||
| 100 | 1 |
_aشبير، محمد عثمان، _d1949- _eمؤلف. |
|
| 245 | 1 | 2 |
_aالإمام يوسف بن عبد الهادي الحنبلي وأثره في الفقه الإسلامي / _cتأليف محمد عثمان شبير. |
| 264 | 1 |
_aعمان، الأردن : _bدار الفرقان، _c2001 |
|
| 300 |
_a608 صفحة ؛ _c24 سم |
||
| 336 |
_aنص _btxt _2rdacontent _3كتاب |
||
| 337 |
_aبدون وسيط _bn _2rdamedia |
||
| 338 |
_aمجلد _bnc _2rdacarrier |
||
| 600 | 1 | 7 |
_aابن المبرد، يوسف بن حسن بن أحمد، _d840-909 هجري _2aucnm |
| 650 | 7 |
_aالفقهاء الحنابلة _vتراجم _2aucsh |
|
| 650 | 7 |
_aالفقه الحنبلي _2aucsh |
|
| 942 |
_2ddc _cBOOK |
||
| 949 |
_aSA-JeALM _d240908 _umohamedma123 _n1 |
||
| 999 |
_c99 _d99 |
||